000
00214 a2200109 4500
020
_a
9780099416173
041
_a
eng
100
_a
Grisham,John
245
_a
The King of Torts
942
_c
BK
952
_7
1
_x
Ficcion
999
_c
25783
_d
25783